International organizations as self-directed actors : (Record no. 60259)

MARC details
000 -LEADER
campo de control de longitud fija 02442cam a22004334a 4500
001 - NÚMERO DE CONTROL
campo de control 117762
005 - FECHA Y HORA DE LA ÚLTIMA TRANSACCIÓN
campo de control 20230410123358.0
008 - DATOS DE LONGITUD FIJA--INFORMACIÓN GENERAL
campo de control de longitud fija 110928s2012 enka b 001 0 eng
035 ## - NÚMERO DE CONTROL DEL SISTEMA
Número de control de sistema 16981276
010 ## - NÚMERO DE CONTROL DE LA BIBLIOTECA DEL CONGRESO
Número de control de LC 2011039484
015 ## - NÚMERO DE BIBLIOGRAFÍA NACIONAL
Número de bibliografía nacional GBB1D1378
Fuente bnb
016 7# - NÚMERO DE CONTROL DE UNA AGENCIA BIBLIOGRÁFICA NACIONAL
Número de control del registro 015969317
Fuente Uk
020 ## - NÚMERO INTERNACIONAL ESTÁNDAR DEL LIBRO
Número Internacional Estándar del Libro 9780415782906 (hbk.)
020 ## - NÚMERO INTERNACIONAL ESTÁNDAR DEL LIBRO
Número Internacional Estándar del Libro 0415782902 (hbk.)
020 ## - NÚMERO INTERNACIONAL ESTÁNDAR DEL LIBRO
Número Internacional Estándar del Libro 9780415782913 (pbk.)
020 ## - NÚMERO INTERNACIONAL ESTÁNDAR DEL LIBRO
Número Internacional Estándar del Libro 0415782910 (pbk.)
020 ## - NÚMERO INTERNACIONAL ESTÁNDAR DEL LIBRO
Número Internacional Estándar del Libro 9780203123782 (ebk.)
020 ## - NÚMERO INTERNACIONAL ESTÁNDAR DEL LIBRO
Número Internacional Estándar del Libro 0203123786 (ebk.)
035 ## - NÚMERO DE CONTROL DEL SISTEMA
Número de control de sistema (OCoLC)ocn706022697
040 ## - FUENTE DE CATALOGACIÓN
Centro catalogador/agencia de origen DLC
Lengua de catalogación eng
Centro/agencia transcriptor DLC
Centro/agencia modificador YDX
-- BTCTA
-- YDXCP
-- CDX
-- UKMGB
-- YNK
-- BWX
-- OCLCO
-- DLC
042 ## - CÓDIGO DE AUTENTICACIÓN
Código de autenticación pcc
050 14 - SIGNATURA TOPOGRÁFICA DE LA BIBLIOTECA DEL CONGRESO
Número de clasificación JZ4839
Número de ítem .I59 2012
082 00 - NÚMERO DE LA CLASIFICACIÓN DECIMAL DEWEY
Número de clasificación 341.2
Número de edición 23
245 00 - MENCIÓN DEL TÍTULO
Título International organizations as self-directed actors :
Resto del título a framework for analysis /
Mención de responsabilidad, etc. edited by Joel E. Oestreich.
260 ## - PUBLICACIÓN, DISTRIBUCIÓN, ETC.
Lugar de publicación, distribución, etc. Abingdon, Oxon ;
-- New York :
Nombre del editor, distribuidor, etc. Routledge,
Fecha de publicación, distribución, etc. 2012.
300 ## - DESCRIPCIÓN FÍSICA
Extensión xxiv, 280 p. :
Otras características físicas ill. ;
Dimensiones 22 cm.
490 1# - MENCIÓN DE SERIE
Mención de serie Routledge global institutions series ;
Designación de volumen o secuencia 64
504 ## - NOTA DE BIBLIOGRAFÍA, ETC.
Nota de bibliografía, etc. Includes bibliographical references and index.
505 0# - NOTA DE CONTENIDO CON FORMATO
Nota de contenido con formato Introduction -- The UN Secretary-General and self-directed leadership: development of the democracy agenda / Kirsten Haack and Kent Kille -- The roots of UN post-conflict peacebuilding: a case study of autonomous agency / Margaret P. Karns -- The anatomy of autonomy: the case of the World Bank / Susan Park and Catherine Weaver -- The United Nations High Commissioner For Refugees: autonomy and mandate change / Alexander Betts -- Changing actors and actions in the global fight against aids / Christer Jonsson -- Disaggregating delegation: multiplying agents in the international maritime safety regime / Kendall W. Stiles -- Not just states or the secretary-general but also staff: the emergence of UNOPS as a new UN organization / Dennis Dijkzeul -- ASEAN as an informal organization: does it exist and does it have agency? the emergence of the ASEAN secretariat / Bob Reinalda -- New types of organizations and global governance in the twenty-first century: the case of ICANN / James P. Muldoo.
650 #0 - PUNTO DE ACCESO ADICIONAL DE MATERIA--TÉRMINO DE MATERIA
Término de materia o nombre geográfico como elemento de entrada International agencies.
650 #0 - PUNTO DE ACCESO ADICIONAL DE MATERIA--TÉRMINO DE MATERIA
Término de materia o nombre geográfico como elemento de entrada International organization.
650 #0 - PUNTO DE ACCESO ADICIONAL DE MATERIA--TÉRMINO DE MATERIA
Término de materia o nombre geográfico como elemento de entrada International agencies
Subdivisión de forma Case studies.
650 #0 - PUNTO DE ACCESO ADICIONAL DE MATERIA--TÉRMINO DE MATERIA
Término de materia o nombre geográfico como elemento de entrada International organization
Subdivisión de forma Case studies.
700 1# - ENTRADA AGREGADA--NOMBRE PERSONAL
Nombre de persona Oestreich, Joel E.
830 #0 - PUNTO DE ACCESO ADICIONAL DE SERIE-TÍTULO UNIFORME
Título uniforme Global institutions series ;
Designación de volumen o secuencia 64.
925 0# -
-- acquire
-- 2 shelf copies
-- policy default
942 ## - ELEMENTOS DE ENTRADA SECUNDARIOS (KOHA)
Fuente del sistema de clasificación o colocación Clasificación de Library of Congress
Tipo de ítem Koha
946 ## - PROCESAMIENTO DE INFORMACIÓN LOCAL (OCLC)
a IMRO
Holdings
Estatus retirado Estado de pérdida Fuente del sistema de clasificación o colocación Estado de daño No para préstamo Colección Biblioteca de origen Biblioteca actual Ubicación en estantería Fecha de adquisición Serial enumeration / chronology Signatura topográfica completa Código de barras Visto por última vez Tipo de ítem Koha
    Clasificación de Library of Congress     Ciencias Sociales Biblioteca Juan Bosch Biblioteca Juan Bosch Ciencias Sociales (3er. Piso) 10/04/2023 3 JZ4839 .I59 2012 00000110970 24/10/2018